Razvitije demokratičeskich načal v upravlenii predprijatijami Pravovyje osnovy

Saved in:
Bibliographic Details
Format: Book
Language:Russian
Published: Minsk Nauka i technika 1986
Edition:1. izd.
Tags: Add Tag
No Tags, Be the first to tag this record!

MARC

LEADER 00000nam a2200000 4500
001 c041713
005 20260108130242.3
041 0 |a rus 
044 |a BY 
245 1 0 |a Razvitije demokratičeskich načal v upravlenii predprijatijami  |b Pravovyje osnovy  |c Zodp. red. V.A. Krutalevič 
250 |a 1. izd. 
264 1 |a Minsk  |b Nauka i technika  |c 1986 
300 |a 173 s.